00471nam a22001337a 450000500170000000800410001702000180005805000190007610000190009524501330011426000440024730000240029170000220031520260422193630.0260422b |||||||| |||| 00| 0 eng d a9780292715349 aPN3331b.B2513 aBakhtin, M. M. aThe Dialogic Imaginationbfour essayscM. M. Bakhtin, edited by Michael Holquist, translated by Caryl Emerson & Michael Holquist aAustinbUniversity of Texas Pressc1981 axxxiii. 443p.c23cm aHolquist, Michael